00318nam a22001337a 450000500170000000800410001704100080005808200110006610000310007724500210010826000180012930000080014765000290015520260408114301.0160628b xxu||||| |||| 00| 0 eng d aeng a823.64 aGabriel García Márquez aStrange Pilgrims bPenguinc1993 a188 aSpanish language fiction